MARC

LEADER 00000nam0a2200000 4500
001 349177
005 20231102010158.0
035 |a (RuTPU)RU\TPU\retro\1209 
090 |a 349177 
100 |a 20180417d1952 m y0rusy50 ca 
101 0 |a rus 
102 |a RU 
105 |a a z 000zd 
200 1 |a Первые русские фотографы-художники  |f С. Морозов 
210 |a Москва  |c Госкиноиздат  |d 1952 
215 |a 117 с.  |c ил. 
606 1 |a Фотография художественная  |2 stltpush  |3 (RuTPU)RU\TPU\subj\64227  |9 81138 
610 1 |a история 
610 1 |a портреты 
610 1 |a техника 
610 1 |a фоторепортажи 
610 1 |a изобретения 
610 1 |a художники 
675 |a 77.04  |v 4 
700 1 |a Морозов  |b С. 
801 1 |a RU  |b 63413507  |c 20180417 
801 2 |a RU  |b 63413507  |c 20180508  |g RCR 
942 |c BK